00560nam a2200193Ia 450000500170000000800410001704000190005804100120007708200160008910000250010524500760013026000390020630000110024544000280025650400300028465000180031470000240033285000100035620240809114504.0131103s9999 xx 000 0 und d aLoreto College aEnglish a822.33bSHA aShakespeare, William 4aThe taming of the shrewcWilliam Shakespeare; edited by Harrison, G. B. aHarmondsworthbPenguin Booksc1955 a127p.  aThe penguin Shakespeare aIncludes glossary & notes aEnglish drama aHarrison, G.B.; ed. aLCBED